UBT Library

The Age of god-kings : (Record no. 39358)

000 -LEADER
fixed length control field 00619cam a2200229 a 4500
001 - CONTROL NUMBER
control field 1948993
005 - DATE AND TIME OF LATEST TRANSACTION
control field 20171222092519.0
008 - FIXED-LENGTH DATA ELEMENTS--GENERAL INFORMATION
fixed length control field 870610s1987 vaua b 001 0 eng
010 ## - LIBRARY OF CONGRESS CONTROL NUMBER
LC control number 87010229
020 ## - INTERNATIONAL STANDARD BOOK NUMBER
International Standard Book Number 0809464004
020 ## - INTERNATIONAL STANDARD BOOK NUMBER
International Standard Book Number 0809464012 (lib. bdg.)
040 ## - CATALOGING SOURCE
Original cataloging agency DLC
Transcribing agency DLC
Modifying agency DLC
041 ## - LANGUAGE CODE
Language code of text/sound track or separate title eng
080 ## - UNIVERSAL DECIMAL CLASSIFICATION NUMBER
Universal Decimal Classification number 930 GRU
082 00 - DEWEY DECIMAL CLASSIFICATION NUMBER
Classification number 930 GRU
Edition number 19
100 ## - Rafti
Rafti 45
101 ## - Shkurtesa
Shkurtesa ARK
245 04 - TITLE STATEMENT
Title The Age of god-kings :
Statement of responsibility, etc by the editors of Time-Life Books.
504 ## - BIBLIOGRAPHY, ETC. NOTE
Bibliography, etc Bibliography: p. 168-169.
906 ## - LOCAL DATA ELEMENT F, LDF (RLIN)
a 7
b cbc
c orignew
d 1
e ocip
f 19
g y-gencatlg
942 ## - ADDED ENTRY ELEMENTS (KOHA)
Source of classification or shelving scheme
Item type Books
Holdings
Withdrawn status Lost status Source of classification or shelving scheme Damaged status Not for loan Collection code Permanent location Current location Shelving location Date acquired Total Checkouts Full call number Barcode Date last seen Price effective from Koha item type
          Koleksioni i përgjithshem UBT - Lipjan UBT - Lipjan Koleksioni i përgjithshem 12/22/2017   930 GRU 002-2939933 12/22/2017 12/22/2017 Books
UBT Library © 2015-2024. All rights reserved University Education for Business and Technology